| 000 | 00702 a2200217 4500 | ||
|---|---|---|---|
| 005 | 20260422153835.0 | ||
| 008 | 260422b |||||||| |||| 00| 0 eng d | ||
| 020 | _a978-93-5516-457-5 (hbk) | ||
| 037 | _cTB | ||
| 040 |
_aAL _cAL |
||
| 041 |
_2eng _aeng |
||
| 084 |
_aV465:194653(zM).P R5 _qAL |
||
| 100 |
_aRohtagi, Shekhar _91113162 |
||
| 245 | _aHamas-Israel conflict and clash of civilization thesis | ||
| 260 |
_aDelhi, India: _bSumit Enterprises, _c2025. |
||
| 300 | _a256p. | ||
| 365 |
_b1595.00 _cINR |
||
| 650 |
_aIsrael History _9854629 |
||
| 942 |
_cTB _2CC _hV465:194653(zM).P R5 |
||
| 999 |
_c1678492 _d1678492 |
||